000 01124nam a22002537a 4500
005 20170123164158.0
010 _aA-773107
020 _c90.00
_a8173801266
035 _aA-773107
037 _aCen Lib / Ret
040 _aDPL
_bPN
082 _a850.92
_bਪੂਰੀਕੈ
100 _aਪੂਰੀ, ਕੈਲਾਸ਼
_9132061
245 _aਸਾਹਿਤਿਕ ਸਵੈ-ਜੀਵਨੀ
_cਕੈਲਾਸ਼ ਪੂਰੀ
246 _aSahitik swe- jeewani : Punjabi /
_bKailash Puri
260 _aਪਟਿਆਲਾ
_bਪਬਲੀਕੇਸ਼ਨ ਬਿਊਰੋ, ਪੰਜਾਬੀ ਯੂਨੀਵਰਸਿਟੀ,
_c1995
270 _aਪਬਲੀਕੇਸ਼ਨ ਬਿਊਰੋ, ਪੰਜਾਬੀ ਯੂਨੀਵਰਸਿਟੀ
_bਪਟਿਆਲਾ
300 _a156p.
_c22cm(Hb)
650 _aਲੇਖਕ, ਪੰਜਾਬੀ - 20 ਸਦੀ - ਜੀਵਨੀ.
_9132062
650 _aAuthors, Panjabi -- 20th century -- Biography.
_9111460
650 _aਲੇਖਕ, ਪੰਜਾਬੀ.
_93679
650 _aAuthors, Panjabi.
_9111461
942 _2ddc
_cPN
_h850.92
_mਪੂਰੀਕੈ
999 _c110873
_d110873